Statistics for Skyrim Jarls

Click here to take the quiz!

General Stats

  • This quiz has been taken 26 times
  • The average score is 8 of 17

Answer Stats

HintJarl% Correct
Jarl of Windhelm at the start of the gameJarl Ulfric Stormcloak
96%
Jarl of Whiterun at the start of the gameJarl Balgruuf the greater
92%
Jarl of SolitudeJarl Elisif the Fair
79%
Jarl of Riften at the end of the game (Imperials)Maven Black-Briar
79%
Jarl of Falkreath at the start of the gameJarl Siddgeir
54%
Jarl of Whiterun at the end of the game (Stormcloaks)Vignar Gray-Mane
50%
Jarl of Windhelm at the end of the game (Imperials)Brunwulf Free-Winter
46%
Jarl of Morthal at the start of the gameJarl Idgrod Ravencrone
46%
Jarl of Riften at the start of the gameJarl Laila Law-Giver
46%
Jarl of Falkreath at the end of the game (Stormcloaks)Dengeir of Stuhn
42%
Jarl of Winterhold at the start of the gameJarl Korir
38%
Jarl of Dawnstar at the end of the game (Imperials)Brina Merilis
33%
Jarl of Dawnstar at the start of the gameJarl Skald
33%
Jarl of Markarth at the start of the gameJarl Igmund
29%
Jarl of Winterhold at the end of the game (Imperials)Kraldar
21%
Jarl of Morthal at the end of the game (Stormcloaks)Solri the Builder
21%
Jarl of Markarth at the end of the game (Stormcloaks)Thongvor Silver-Blood
21%

Score Distribution

Percentile by Number Answered

Percent of People with Each Score

Your Score History

You have not taken this quiz